[Event "Cologne-ch 05"]
[Site "Cologne"]
[Date "2005.01.16"]
[Round "6"]
[White "Bill, Oliver"]
[Black "Fridmann, Mykola"]
[Result "0-1"]
[WhiteElo "1573"]
[BlackElo "1289"]
[PlyCount "144"]
[EventDate "2004.12.04"]
[EventType "swiss"]
[EventRounds "7"]
[EventCountry "GER"]
[SourceTitle "EXT 2006"]
[Source "ChessBase"]
[SourceDate "2005.11.24"]
[SourceVersion "1"]
[SourceVersionDate "2005.11.24"]
[SourceQuality "1"]

1. e4 d6 2. d4 Nf6 3. Nc3 c6 4. Nf3 Bg4 5. h3 Bxf3 6. Qxf3 e6 7. Bd3 d5 8. e5 Nfd7 9. 0-0 c5 10. dxc5 Bxc5 11. Qh5 Nc6 12. Re1 g6 13. Qh6 Bf8 14. Qf4 Bg7 15. Bb5 Qc7 16. Nxd5 exd5 17. e6 Qxf4 18. exd7+ Kxd7 19. Bxf4 Bxb2 20. Rab1 Bf6 21. Rbd1 d4 22. c3 a6 23. Bxc6+ bxc6 24. cxd4 Rhe8 25. Be3 Rab8 26. d5 cxd5 27. Rxd5+ Kc6 28. Rc5+ Kb7 29. Ra5 Re5 30. Rb1+ Rb5 31. Raxb5+ axb5 32. Rxb5+ Kc8 33. Rc5+ Kd7 34. Bf4 Ra8 35. Rc7+ Ke8 36. Rc2 Kd7 37. Kf1 Ra4 38. Ke2 Rxf4 39. g3 Ra4 40. f4 Ra3 41. Kf2 Ra5 42. g4 Ra3 43. Kg2 h6 44. Re2 Be7 45. Rd2+ Bd6 46. f5 gxf5 47. gxf5 Rg3+ 48. Kf2 Rxh3 49. a4 Rh2+ 50. Ke3 Rxd2 51. Kxd2 h5 52. Ke2 h4 53. Kf3 h3 54. Kf2 h2 55. Kg2 Kc6 56. f6 Kb6 57. Kh1 Ka5 58. Kg2 Kxa4 59. Kh1 Kb4 60. Kg2 Kc4 61. Kh1 Bg3 62. Kg2 Kd5 63. Kh1 Ke5 64. Kg2 Kxf6 65. Kh1 Ke5 66. Kg2 f5 67. Kh1 Ke4 68. Kg2 f4 69. Kh1 Ke3 70. Kg2 f3+ 71. Kh1 f2 72. Kg2 f1Q+ 0-1

[Event "Cologne-ch 05"]
[Site "Cologne"]
[Date "2005.01.16"]
[Round "5"]
[White "Kueppers, Wolfgang"]
[Black "Fridmann, Mykola"]
[Result "0-1"]
[WhiteElo "1156"]
[BlackElo "1289"]
[PlyCount "96"]
[EventDate "2004.12.04"]
[EventType "swiss"]
[EventRounds "7"]
[EventCountry "GER"]
[SourceTitle "EXT 2006"]
[Source "ChessBase"]
[SourceDate "2005.11.24"]
[SourceVersion "1"]
[SourceVersionDate "2005.11.24"]
[SourceQuality "1"]

1. d4 Nf6 2. Nc3 d5 3. e3 Bf5 4. Be2 e6 5. a3 Bd6 6. b4 0-0 7. Nf3 Ne4 8. Bb2 Nd7 9. 0-0 Ndf6 10. h3 Nxc3 11. Bxc3 Ne4 12. Bb2 c6 13. c4 Qf6 14. c5 Bc7 15. Ne5 Qe7 16. Ng4 Qh4 17. Qe1 Ng5 18. f4 Qxe1 19. Raxe1 Ne4 20. Kh2 Bd8 21. g3 f6 22. Rd1 Bc7 23. Nf2 Rae8 24. Nxe4 Bxe4 25. Bd3 Bxd3 26. Rxd3 f5 27. Rg1 Rf6 28. g4 fxg4 29. Rxg4 Rf5 30. Rd1 Ref8 31. Rdg1 g6 32. Bc3 Kg7 33. Rg5 Rxg5 34. Rxg5 Rf5 35. Rg2 g5 36. Kh1 h6 37. Be1 Kf6 38. fxg5+ hxg5 39. Rf2 Rxf2 40. Bxf2 Kf5 41. Kg2 Ke4 42. Kf1 Kf3 43. Kg1 Bg3 44. Bxg3 Kxg3 45. Kf1 Kxh3 46. Kf2 g4 47. Kg1 Kg3 48. Kf1 Kh2 0-1

[Event "Cologne-ch 05"]
[Site "Cologne"]
[Date "2005.01.08"]
[Round "4"]
[White "Fridmann, Mykola"]
[Black "Lingenover, Jan"]
[Result "0-1"]
[WhiteElo "1289"]
[BlackElo "1529"]
[PlyCount "62"]
[EventDate "2004.12.04"]
[EventType "swiss"]
[EventRounds "7"]
[EventCountry "GER"]
[SourceTitle "EXT 2006"]
[Source "ChessBase"]
[SourceDate "2005.11.24"]
[SourceVersion "1"]
[SourceVersionDate "2005.11.24"]
[SourceQuality "1"]

1. d4 Nf6 2. Nf3 e6 3. Bf4 b6 4. e3 Bb7 5. Nbd2 Be7 6. c3 0-0 7. Bd3 d5 8. Qc2 h6 9. h3 c5 10. b3 Nc6 11. Ne5 cxd4 12. Nxc6 Bxc6 13. cxd4 Rc8 14. Qd1 Bb7 15. 0-0 Ba3 16. Qe2 Qe7 17. Nf3 Rc3 18. Ne1 Rfc8 19. Nc2 Bd6 20. Bxd6 Qxd6 21. Rfc1 Ne4 22. Bxe4 dxe4 23. Rab1 b5 24. Rb2 b4 25. Qb5 Ba6 26. Qa5 Qb6 27. Qxb6 axb6 28. a3 bxa3 29. Ra2 Bd3 30. Rxa3 Bxc2 31. Kf1 Bd3+ 0-1

[Event "Cologne-ch 05"]
[Site "Cologne"]
[Date "2004.12.18"]
[Round "3"]
[White "Fridmann, Mykola"]
[Black "Klemp, Uwe"]
[Result "0-1"]
[WhiteElo "1289"]
[BlackElo "1668"]
[PlyCount "46"]
[EventDate "2004.12.04"]
[EventType "swiss"]
[EventRounds "7"]
[EventCountry "GER"]
[SourceTitle "EXT 2006"]
[Source "ChessBase"]
[SourceDate "2005.11.24"]
[SourceVersion "1"]
[SourceVersionDate "2005.11.24"]
[SourceQuality "1"]

1. d4 f5 2. Nf3 Nf6 3. Bf4 b6 4. e3 Bb7 5. Bd3 e6 6. Nbd2 Be7 7. c3 0-0 8. 0-0 c5 9. Re1 d5 10. Ne5 Nc6 11. Ndf3 Nd7 12. Nxd7 Qxd7 13. Qa4 c4 14. Ne5 Nxe5 15. Qxd7 Nxd7 16. Bc2 Bc6 17. b3 b5 18. b4 g5 19. Bg3 Nf6 20. f3 a5 21. a3 axb4 22. cxb4 Ra7 23. Bc7 Rxc7 0-1

[Event "Cologne-ch 05"]
[Site "Cologne"]
[Date "2004.12.04"]
[Round "1"]
[White "Fridmann, Mykola"]
[Black "Niederreuther, Mark Niels"]
[Result "0-1"]
[WhiteElo "1289"]
[BlackElo "1804"]
[PlyCount "98"]
[EventDate "2004.12.04"]
[EventType "swiss"]
[EventRounds "7"]
[EventCountry "GER"]
[SourceTitle "EXT 2006"]
[Source "ChessBase"]
[SourceDate "2005.11.24"]
[SourceVersion "1"]
[SourceVersionDate "2005.11.24"]
[SourceQuality "1"]

1. d4 d5 2. Nf3 e6 3. Bf4 f5 4. e3 Nf6 5. h3 Bd6 6. Bxd6 Qxd6 7. c3 0-0 8. Nbd2 Nbd7 9. Bd3 c6 10. 0-0 Ne4 11. Re1 Qe7 12. Ne5 Nxe5 13. dxe5 Qh4 14. Qe2 Bd7 15. Nf3 Qh6 16. Nd2 g5 17. Bxe4 fxe4 18. Qg4 Rf7 19. f4 Rg7 20. Kh2 Rf8 21. fxg5 Rxg5 22. Qe2 Rxe5 23. Rf1 Ref5 24. Rad1 R8f7 25. Kg1 Rg7 26. Kh2 Rfg5 27. Rf2 Qh4 28. g4 Rxg4 29. Rdf1 Qg3+ 30. Kh1 Qxh3+ 31. Rh2 Qg3 32. Qf2 Qxf2 33. Rhxf2 Rh4+ 34. Rh2 Rxh2+ 35. Kxh2 h5 36. Nb3 e5 37. Nc5 Bg4 38. Rf6 b6 39. Nb3 c5 40. Rd6 Rd7 41. Rf6 Kg7 42. Rf1 Rf7 43. Rg1 Kg6 44. Nd2 Rf2+ 45. Rg2 Rxg2+ 46. Kxg2 Kf5 47. Nf1 Bf3+ 48. Kg3 d4 49. cxd4 exd4 0-1